00455nam a2200145Ia 4500008004100000020001400041082002100055100001900076245003500095260002900130300000900159942001200168999001900180952011000199210430s9999 xx 000 0 und d a123949637 a541.34513 G314 G aKanji Kajiwara aGELS Hand BookcKanji Kajiwara aukbAcademic pressc2001 a421P cBK2ddc c563073d563073 001040708NFICaSCMEbSCMEcGENd0000-00-00l0o541.34513 G314 GpSCME-1980r2021-04-30w2021-04-30yBK